Le droit francais nouveau des brevets d'invention: loi du 13 juillet 1978

Na minha lista:
Detalhes bibliográficos
Principais autores: Mousseron, Jean-Marc (auteur), Sonnier, Annie (Autor)
Formato: Livro
Idioma:francês
Publicado em: París Librairies Techniques 1978
coleção:CEIPI, 22
Assuntos:
Tags: Adicionar Tag
Sem tags, seja o primeiro a adicionar uma tag!

MARC

LEADER 00000nam a2200000 a 4500
001 UCS1648
003 CL-VaPUC
008 970515e19780000FR |||||||||||||||||fre|d
082 0 4 |a 346.048  |b MOU  |2 21 
100 |a Mousseron, Jean-Marc  |e auteur  |9 386298 
700 0 |a Sonnier, Annie  |e author  |9 386299 
245 1 3 |a Le droit francais nouveau des brevets d'invention: loi du 13 juillet 1978 
300 |a 259 p 
942 |c BK 
945 |d 19970515 00:00:00  |a cmena 
260 |a París  |b Librairies Techniques  |c 1978 
650 0 |a Propiedad intelectual  |9 256126 
650 0 |a Derecho comercial   |9 256340 
650 0 |a Código de comercio   |9 329302 
650 7 |a INVENTOS  |2 CL-VaPUC  |9 266077 
650 7 |a LEGISLACION SOBRE PATENTES  |2 CL-VaPUC  |9 386300 
650 7 |a PATENTES DE INVENCION  |2 CL-VaPUC  |9 256531 
650 0 |a Derecho internacional  |9 255637 
651 0 |a Francia  |9 255157 
583 |a last modification  |c 19970515 00:00:00  |k Rodrigo Vera 
490 0 |a CEIPI, 22 
999 |c 259684  |d 259682 
952 |0 0  |1 0  |4 0  |6 346_048000000000000_MOU_1978  |7 0  |8 A  |9 284910  |a BIBDER  |b BIBDER  |d 2019-11-19  |i 1854224  |o 346.048 MOU 1978  |p 1854224  |r 2023-01-25  |w 2019-11-19  |y BK  |k DER